000 01937cam a22004814i 4500
003 PE-LiUPU
005 20250731172818.0
008 150617s r 000 0 d
020 _a8470572679
035 _a(Sirsi) i9788470572678
040 _aPE-LiUPU
_bspa
_cPE-LiUPU
_erda
049 _aPRUA
082 0 4 _a248.4
_bV63
_221
100 1 _aVidal, Marciano,
_d1937- ,
_eautor.
245 1 3 _aEl discernimiento ético :
_bhacia una estimativa moral cristiana /
_cMarciano Vidal.
264 1 _aMadrid :
_bCristiandad,
_c1980.
300 _a174 páginas ;
_c20 centímetros
336 _atext
_2rdacontent
337 _aunmediated
_2rdamedia
338 _avolume
_2rdacarrier
490 0 _aSenda abierta ;
_v1
505 0 _aDiscernimiento ético y estimativa moral. -La caridad : Actitud fundamental del ethos cristiano. -Placer y cristianismo. -¿Inviolabilidad de la vida humana?. -Respeto a la vida y derecho a morir con dignidad. -Manipulación de la conciencia moral. -Significado etico de los "derechos humanos". -"Pregunta moral" y sociedad actual. -"Teología de la liberación" y etica social cristiana. -Una etica de responsabilidad para los religiosos.
526 _aSEG42
526 _aSEG41
526 _aSEG40
526 _aSEG39
526 _aP94
526 _aP87
526 _aP86
526 _aP85
526 _aP77
526 _aP76
526 _aP35
650 0 4 _aDiscernimiento de espíritus.
650 0 4 _aMoral cristiana.
_93843
910 _ajck
_bjvq
_cjck
_d20150616
942 _2ddc
_cBOOK
949 _a248.4 V63
_wDEWEY
_c1
_i23310
_lCCODEBUL1
_mBUL
_r0
_sY
_tBOOK
_u2015-6-17
_xTEOLOGIA
_PP35
_0COMPRA
_o.STAFF. Colección General
994 _aC0
_bPEPRU
596 _a1
999 _a248.4 V63
_wDEWEY
_c4319
_i23310
_d4319
_f2021-11-11
_g5
_lCCODEBUL1
_mBUL
_q1
_r0
_sY
_tBOOK
_u2015-6-17
_xTEOLOGIA
_PP35
_0COMPRA
_o.STAFF. Colección General
980 _81
_gALBERTO SANCHEZ Responsable de Automatización